01088nam a2200253 i 4500001000300000100003500003245014700038246010500185260004400290300002600334490004600360500011300406650003300519700003200552830003600584020001500620020001500635040000800650041001300658044000800671080001600679008004100695856009800736bg1 aBöll, Heinrichd(1917-1985).10aUtracona cześć Katarzyny Blum albo Jak powstaje przemoc i do czego może doprowadzić /cHeinrich Böll ; przekł. Teresa Jętkiewicz.1 iTyt. oryg.:aVerlorene Ehre der Katharina Blum oder Wie Gewalt entstehen und wohin sie führen kann aKraków :b"Mediasat Poland",c[2004]. a119, [1] s. ;c22 cm.1 aKolekcja Gazety Wyborczej : XX wiek ;v33 aTyt. oryg.: "Die verlorene Ehre der Katharina Blum oder : Wie Gewalt entstehen und wohin sie führen kann". 9aPowieść niemieckay20 w.1 aJętkiewicz, Teresa.eTł. 0aKolekcja Gazety Wyborczej ;v33 a8389651815 a8497898729 cBPK1 apolhger aPOL a821.112.2-3 s pl f |000 0 pol  uhttp://koha.tu.koszalin.pl/cgi-bin/koha/opac-detail.pl?biblionumber=55670yKatalog online BPK